| 000 | 00516nam a22001817a 4500 | ||
|---|---|---|---|
| 999 |
_c170707 _d170707 |
||
| 005 | 20191223145927.0 | ||
| 010 | _a974909 | ||
| 020 | _c12.00 | ||
| 035 | _a974909 | ||
| 082 | _a841 | ||
| 100 | _aمہیش پٹیالوی | ||
| 245 |
_aگلی نوا / _cمہیش پٹیالوی |
||
| 246 |
_aGuli Nawa (Urdu) / _bby Mahesh Patyalvi |
||
| 260 |
_c1979 ء _aPatyala _bR.K.Brothers |
||
| 270 |
_a2495, Telegraph Street _bPatyala _e- |
||
| 300 |
_a159p. _c20cm(Hb) |
||
| 942 |
_2ddc _cUR _h841 _mم ہ ی |
||